01202nam a2200265Ia 450000500170000000800410001702000190005810000460007724500690012325000390019230000510023149000210028250000330030352003070033665000390064365000410068265000240072370000220074726400330076933600270080233700330082933800280086204000350089008400110092520220317001035.0160825s2007 ck a g 000 0 spa  a978958300420121 aChericián Fernández, Davidd1940-200210aTrabalenguascDavid Chericián ; ilustrado por Henry González a1a. edición b8a. reimpresión  a48 páginas bilustraciones en color c16 cm  aQue pase el tren aIncluye datos biográficos  aCon este libro vamos a jugar, al leerlo y también despues... Porque precisamente para eso son los trabalenguas, y la mayoría de las veces la gracias está en eso mismo, en equivocarse, pues no siempre se logra decirlos bien de la primera vez, y así todos se ríen, incluso el que se equivoca...142LEMBaPoesía infantil ySiglo XX142LEMBaLiteratura infantil ySiglo XX142LEMBaTrabalenguas 1 aGonzález, Henry aBogotábPanamericanac2007 atextobtxt2rdacontent asin mediaciónbn2rdamedia avolumenbnc2rdacarrier aCO-BoRNBPbspaerdacCO-BoRNBP aP CHE2